Les correspondances du RER - Statistiques

Statistiques générales
  • Ce quiz a été pris 70 fois
  • Le résultat moyen est 19 sur 26
Statistiques - réponses
RER Arrêt % Correct
D et E Gare du Nord
95%
D et B Magenta
95%
B et E Paris Gare du Nord
95%
B et D Châtelet - Les Halles
93%
A et D Châtelet - Les Halles
93%
B et A Châtelet les Halles
93%
D Gare de Lyon
85%
A Paris Gare de Lyon
85%
E La Défense
83%
A La Défense
83%
E Auber
77%
A Haussmann
77%
A Nanterre la Folie
67%
E Nanterre-Préfecture
67%
E Val de Fontenay
67%
A Val de Fontenay
67%
C Massy - Palaiseau
63%
B Massy - Palaiseau
63%
C Saint Michel - Notre Dame
63%
B Saint Michel - Notre Dame
63%
D Juvisy
58%
C Juvisy
58%
E Neuilly Porte Maillot
50%
C Neuilly Porte Maillot
50%
C Massy - Verrières
45%
B Massy - Verrières
45%
Aucun quiz correspondant
Distribution des résultats
% des personnes avec chaque résultat
Percentile par nombre de réponses
Votre historique - résultats
Vous n’avez pas pris ce quiz